00307nam a2200109Ia 4500008004100000082001100041082000800052245005600060245003600116260003600152300000900188231017s9999 xx 000 0 und d a625.84 bYOU 0aEvaluation of the laboratory asphalt stability test 0cUS Department of transportation bUS Department of transportation c30cm